| 000 | 01105nam a22002537a 4500 | ||
|---|---|---|---|
| 005 | 2009111306196.0 | ||
| 008 | 091113t xxu||||| |||| 00| 0 eng d | ||
| 010 | _aENG-95442 | ||
| 020 |
_a9788183822783 _c150.00 |
||
| 035 | _aEN-78975 | ||
| 037 | _bDBAD/PUB | ||
| 040 |
_aDPL _beng |
||
| 082 | _a618.24 | ||
| 100 | _aBatta, Narinder | ||
| 245 |
_aA guide to your pregnancy / _cby Narinder Batta [and] Sumita Paul |
||
| 260 |
_aNew Delhi _bLotus Press _c2010 |
||
| 270 |
_a4263/3, Ansari road, Darya Ganj _bNew Delhi _e110002 _k32903912,23280047 _mlotuspress@sify.com |
||
| 300 |
_a 108p.: _c22 cm.(pbk) _bill |
||
| 700 | _aPaul, Sumita | ||
| 856 | _uhttp://www.loc.gov/catdir/toc/ecip0721/2007025342.html | ||
| 942 |
_2ddc _cEN _mBAT _h618.24 |
||
| 999 |
_c31779 _d31779 |
||